000 00468nam a2200169 i 4500
001 26866
003 ES-MaACL
005 20240421063010.0
007 t|
008 030110s1959 sp ||||1| spa d
100 0 _aAvila, Luis,
_d1932-
_924047
245 1 0 _aTorres de viento /
_cLuis Avila.
260 _aGranada :
_b[s.n.,
_c1959] (
_fImp. Guevara)
300 _a67 p. :
_bil. ;
_c21 cm.
852 _aES-MaACL
_jC-19086
_bR.45927
999 _c26866
_d26866